000 00318nam a22001457a 4500
008 210426b ||||| |||| 00| 0 eng d
020 _ax000y80397
041 _aeng
080 _a53
082 _a53
100 _a43
101 _aFIZ
245 _aEssential University Physics
_cRichard Wolfson
942 _2udc
_cBK
999 _c56726
_d56726